Možné smery účinnejšej regulácie finančných trhov (finančných inštitúcií) v národnom a medzinárodnom meradle diplomová práca

Salvato in:
Dettagli Bibliografici
Autore principale: Malcho, Robert
Ente Autore: Obchodná fakulta EU. Katedra medzinárodného obchodu
Altri autori: Fifek, Edmund
Natura: Libro
Lingua:slovacco
Pubblicazione: Bratislava 2016
Tags: Aggiungi Tag
Nessun Tag, puoi essere il primo ad aggiungerne!!

MARC

LEADER 00000nbm a2200000 4500
001 0216651
005 20240725083918.7
041 0 |a slo 
044 |a SK 
245 1 0 |a Možné smery účinnejšej regulácie finančných trhov (finančných inštitúcií) v národnom a medzinárodnom meradle  |b diplomová práca  |c Robert Malcho ; školiteľ: Edmund Fifek 
264 1 |a Bratislava  |c 2016 
300 |a 87 s. 
100 1 |a Malcho, Robert 
700 1 |a Fifek, Edmund 
710 2 |a Obchodná fakulta EU. Katedra medzinárodného obchodu